<?xml version="1.0" encoding="UTF-8"?><?xml-stylesheet type="text/xsl" href="static/style.xsl"?><OAI-PMH xmlns="http://www.openarchives.org/OAI/2.0/" xmlns:xsi="http://www.w3.org/2001/XMLSchema-instance" xsi:schemaLocation="http://www.openarchives.org/OAI/2.0/ http://www.openarchives.org/OAI/2.0/OAI-PMH.xsd"><responseDate>2026-04-13T18:28:57Z</responseDate><request verb="GetRecord" identifier="oai:www.recercat.cat:10230/22660" metadataPrefix="marc">https://recercat.cat/oai/request</request><GetRecord><record><header><identifier>oai:recercat.cat:10230/22660</identifier><datestamp>2025-12-13T20:51:49Z</datestamp><setSpec>com_2072_6</setSpec><setSpec>col_2072_452954</setSpec></header><metadata><record xmlns="http://www.loc.gov/MARC21/slim" xmlns:dcterms="http://purl.org/dc/terms/" xmlns:xsi="http://www.w3.org/2001/XMLSchema-instance" xmlns:doc="http://www.lyncode.com/xoai" xsi:schemaLocation="http://www.loc.gov/MARC21/slim http://www.loc.gov/standards/marcxml/schema/MARC21slim.xsd">
   <leader>00925njm 22002777a 4500</leader>
   <datafield ind2=" " ind1=" " tag="042">
      <subfield code="a">dc</subfield>
   </datafield>
   <datafield ind2=" " ind1=" " tag="720">
      <subfield code="a">Guasch Monasterio, Cristina</subfield>
      <subfield code="e">author</subfield>
   </datafield>
   <datafield ind2=" " ind1=" " tag="260">
      <subfield code="c">2014-09-10T10:12:11Z</subfield>
   </datafield>
   <datafield ind2=" " ind1=" " tag="260">
      <subfield code="c">2014-09-10T10:12:11Z</subfield>
   </datafield>
   <datafield ind2=" " ind1=" " tag="260">
      <subfield code="c">2014-09-10</subfield>
   </datafield>
   <datafield ind2=" " ind1=" " tag="520">
      <subfield code="a">Unitat didàctica per a secundària (Ciències de la terra, 1er Batxillerat). El·laborada dins el Màster de Formació del Professorat d&amp;apos;Educació Secundària</subfield>
   </datafield>
   <datafield ind2=" " ind1=" " tag="520">
      <subfield code="a">Mentora: Lurdes Marsol de l&amp;apos;Institut Andreu Nin (El Vendrell)</subfield>
   </datafield>
   <datafield ind2=" " ind1=" " tag="520">
      <subfield code="a">Tutor UPF: Miquel Nistal</subfield>
   </datafield>
   <datafield ind2=" " ind1=" " tag="520">
      <subfield code="a">El títol de la seqüència didàctica “sempre present, la geologia”, suggereix que la geologia es pot trobar a tot arreu. Aquest títol és un missatge per conscienciar als alumnes que els conceptes i els coneixements apresos a classe es poden aplicar a la realitat. Aquesta seqüència es contextualitza a partir de la Marta que treballa redactant butlletins mensuals del col•legi d’arquitectes. Al butlletí d’aquest mes ha de relacionar l’urbanisme amb la geologia . Aquest context podrà servir per tota la unitat didàctica. Hi trobarem dos seqüències didàctiques: la primera serà la meteorització i els modelatges del relleu i la segona les inestabilitats gravitatòries. Al llarg de la  seqüència didàctica els alumnes seran capaços d’aplicar els coneixements  adquirits a altres situacions reals. I també aprendran el mètode científic. Les dificultats que ens podem trobar és que a l’haver-hi tan sols quatre alumnes és important que hi siguin tots per no haver de repetir lliçons. A més, moltes de les activitats proposades són més enriquidores si es fan en parella. Els alumnes treballaran individualment, després en petits grups de 2 persones, i  també amb tot el grup classe (4 alumnes). En l’avaluació, a part del qüestionari final, es tindrà en compta la participació, l’entrega d’exercicis, l’informe de pràctiques, el comportament amb el treball en grup i l’elaboració d’un mapa conceptual.</subfield>
   </datafield>
   <datafield tag="653" ind2=" " ind1=" ">
      <subfield code="a">Meteorització (Geomorfologia)</subfield>
   </datafield>
   <datafield tag="653" ind2=" " ind1=" ">
      <subfield code="a">Gravetat</subfield>
   </datafield>
   <datafield tag="653" ind2=" " ind1=" ">
      <subfield code="a">Geologia</subfield>
   </datafield>
   <datafield ind2="0" ind1="0" tag="245">
      <subfield code="a">Sempre present, la geologia ! La meteorització i les inestabilitats gravitatòries</subfield>
   </datafield>
</record></metadata></record></GetRecord></OAI-PMH>